书目信息 |
| 题名: |
上海通史
|
|
| 作者: | 朱金海 主编 ;朱金海 著 | |
| 分册: | 第12卷 | |
| 出版信息: | 上海 上海人民出版社 1999.09 |
|
| 页数: | 610页 | |
| 开本: | 21cm | |
| 丛书名: | ||
| 单 册: | ||
| 中图分类: | K295.1 | |
| 科图分类: | ||
| 主题词: | 地方史--上海 , 经济史--上海--当代 | |
| 电子资源: | ||
| ISBN: | 7-208-03216-5 | |
| 000 | 00717nam0 2200229 45 | |
| 001 | 0211121499 | |
| 005 | 20031219104100.1 | |
| 010 | @a7-208-03216-5@b精装@dCNY68.00 | |
| 100 | @a20021112d1999 km y0chiy0120 ea | |
| 101 | 0 | @achi |
| 105 | @aa z 000yy | |
| 200 | 1 | @a上海通史@h第12卷@e当代经济@EDang Dai Jing Ji@AShang Hai Tong Shi@f朱金海主编@FZhu Jin Hai Zhu Bian@g朱金海等著 |
| 210 | @a上海@c上海人民出版社@d1999.09 | |
| 215 | @a610页@c插图@d21cm | |
| 517 | @a当代经济@ADang Dai Jing Ji | |
| 606 | 0 | @a地方史@y上海 |
| 606 | 0 | @a经济史@y上海@z当代 |
| 690 | @aK295.1@v4 | |
| 701 | 0 | @a朱金海@4主编 |
| 702 | 0 | @a朱金海@AZhu Jin Hai@4著 |
| 801 | @aCN@bTSTC@c20021112 | |
| 905 | @b317377-381@dK295.1@e111:12@f5 | |
| 上海通史.第12卷:当代经济/朱金海主编/朱金海等著.-上海:上海人民出版社,1999.09 |
| 610页:插图;21cm |
| ISBN 7-208-03216-5(精装):CNY68.00 |
| ● |
| 相关链接 |
|
|
|
|
正题名:上海通史
索取号:K295.1/111:12
 
预约/预借
| 序号 | 登录号 | 条形码 | 馆藏地/架位号 | 状态 | 备注 |
| 1 | 0317377 | 203173779 | 密集书库/ [索取号:K295.1/111:12] | 在馆 | |
| 2 | 0317378 | 203173788 | 密集书库/ [索取号:K295.1/111:12] | 在馆 | |
| 3 | 0317379 | 203173797 | 第二借阅区/ [索取号:K295.1/111:12] | 在馆 | |
| 4 | 0317380 | 203173804 | 第二借阅区/ [索取号:K295.1/111:12] | 在馆 | |
| 5 | 0317381 | 203173813 | 第二样本阅览室/ [索取号:K295.1/111:12] | 在馆 |